|
|
|
|
| LEADER |
02524nam a22003377a 4500 |
| 001 |
28911 |
| 003 |
BD-DhAAL |
| 005 |
20221201150128.0 |
| 008 |
150301s2012 bg 000 1 ben d |
| 999 |
|
|
|c 33817
|d 33817
|
| 020 |
|
|
|a 9847017800237
|
| 020 |
|
|
|a 98483092279
|
| 040 |
|
|
|a BD-DhAAL
|c BD-DhAAL
|
| 082 |
|
|
|a 891.44371
|2 22
|
| 100 |
|
|
|a ঠাকুর, রবীন্দ্রনাথ
|9 2543
|
| 245 |
|
|
|a গল্পগুচ্ছ :
|b অখণ্ড সংকলন /
|c রবীন্দ্রনাথ ঠাকুর; বুদ্ধদেব বসুর আলোচনা সম্বলিত
|
| 260 |
|
|
|a ঢাকা :
|b সুচয়নী পাবলিশার্স ;
|b বিশ্বসাহিত্য ভবন ;
|b সাহিত্য বিকাশ,
|c ২০০১, ২০১২, ২০১৫.
|
| 300 |
|
|
|a ৭০৩ পৃষ্ঠা ;
|a ৭২০ পৃষ্ঠা ;
|a ৬৫৫ পৃষ্ঠা ;
|c ২১ সে.মি.
|
| 526 |
|
|
|a Residential Campus
AAL
|
| 541 |
|
|
|a Development Book Agency, Donated By Akbar Ali Khan
|e 28911, 34998, 40147
|
| 600 |
|
|
|a ঠাকুর, রবীন্দ্রনাথ
|x রচনাবলী
|y ১৮৬১-১৯৪১
|9 2545
|
| 650 |
|
|
|a Bengali fiction.
|9 5312
|
| 650 |
|
|
|a Bengali literature.
|9 52670
|
| 700 |
|
|
|a বসু, বুদ্ধদেব [আলোচক]
|9 8836
|
| 852 |
|
|
|a Ayesha Abed Library
|c General Stacks
|
| 942 |
|
|
|2 ddc
|c BK
|
| 952 |
|
|
|0 0
|1 0
|2 ddc
|4 0
|6 891_443710000000000_TAG
|7 0
|8 FIC
|9 52802
|a BRACUL
|b BRACUL
|c GEN
|d 2015-03-01
|e BRAC Institute of Language (BIL)
|l 14
|m 77
|o 891.44371 TAG
|p 3010028911
|q 2026-06-02
|r 2026-03-29
|s 2026-03-29
|t 1
|w 2015-03-01
|y BK
|x Transferred from BIL to BRACUL on 06/06/22
|
| 952 |
|
|
|0 0
|1 0
|2 ddc
|4 0
|6 891_443710000000000_TAG
|7 0
|8 FIC
|9 61806
|a SCL
|b SCL
|c GEN
|d 2017-11-07
|l 1
|m 10
|o 891.44371 TAG
|p 3020006444
|q 2020-05-04
|r 2017-11-07
|s 2017-11-07
|t 2
|w 2017-11-07
|y BK
|
| 952 |
|
|
|0 0
|1 0
|2 ddc
|4 0
|6 891_443710000000000_TAG
|7 0
|8 FIC
|9 65709
|a SCL
|b SCL
|c GEN
|d 2019-07-17
|e Development Book Agency
|g 340.00
|l 17
|m 38
|o 891.44371 TAG
|p 3020034862
|r 2026-02-08
|s 2025-06-28
|t 3
|v 340.00
|w 2019-07-17
|y BK
|
| 952 |
|
|
|0 0
|1 0
|2 ddc
|4 0
|6 891_443710000000000_TAG
|7 0
|8 FIC
|9 65850
|a BRACUL
|b BRACUL
|c GEN
|d 2019-07-24
|e Development Book Agency
|g 340.00
|l 10
|m 104
|o 891.44371 TAG
|p 3010034998
|q 2026-05-19
|r 2026-03-28
|s 2026-03-28
|t 4
|v 340.00
|w 2019-07-24
|y BK
|
| 952 |
|
|
|0 0
|1 0
|2 ddc
|4 0
|6 891_443710000000000_TAG
|7 1
|8 FIC
|9 72425
|a BRACUL
|b BRACUL
|c CS1
|d 2022-12-01
|e Donated by Akbar Ali Khan
|g 160.00
|l 0
|o 891.44371 TAG
|p 3010040147
|r 2024-03-19
|t 5
|w 2022-12-01
|y BK
|